ბათუმის შოთა რუსთაველის სახელმწიფო უნივერსიტეტის ბიბლიოთეკა

Строительные конструкции. (ბიბ.ჩანაწერი № 38744)

000 -LEADER
fixed length control field 00723nam a2200229Ia 4500
001 - CONTROL NUMBER
control field 5061
003 - CONTROL NUMBER IDENTIFIER
control field GE_BSU
008 - FIXED-LENGTH DATA ELEMENTS--GENERAL INFORMATION
fixed length control field 181216s||||||||xx |||||||||||||| ||und||
040 ## - CATALOGING SOURCE
Transcribing agency GE_BSU
080 ## - UNIVERSAL DECIMAL CLASSIFICATION NUMBER
Universal Decimal Classification number 624(075.8)
100 ## - MAIN ENTRY--PERSONAL NAME
Personal name Маилян,Р.Л. Клечановский,А.А. Свистунов,А.М. и др.
245 ## - TITLE STATEMENT
Title Строительные конструкции.
245 ## - TITLE STATEMENT
Remainder of title Учебник.
245 ## - TITLE STATEMENT
Statement of responsibility, etc. Под общ. ред. Р.А.Маильяна.
260 ## - PUBLICATION, DISTRIBUTION, ETC.
Place of publication, distribution, etc. М.
260 ## - PUBLICATION, DISTRIBUTION, ETC.
Name of publisher, distributor, etc. Стройиздат.
260 ## - PUBLICATION, DISTRIBUTION, ETC.
Date of publication, distribution, etc. 1967.
300 ## - PHYSICAL DESCRIPTION
Extent 504 стр. 27 см. Библиогр. стр. 498-499.
300 ## - PHYSICAL DESCRIPTION
Accompanying material Чертеж.
653 ## - INDEX TERM--UNCONTROLLED
Uncontrolled term Строительные конструкции.
942 ## - ADDED ENTRY ELEMENTS (KOHA)
Koha item type წიგნი
ეგზემპლარები
Withdrawn status Lost status Damaged status Not for loan Date acquired Barcode Date last seen Price effective from Koha item type
        2018-12-17 11383 2018-12-17 2018-12-17 წიგნი